000 00513nam a2200205 4500
003 SEACOMMC
005 20231011044822.0
008 231011b |||||||| |||| 00| 0 eng d
020 _cRs. 360.00
040 _aSEACOMMC
082 _a621.381
_bMIL
100 1 _aMillman, Jacob
245 1 _aMicroelectronics
_cJacob Millman and Arvin Grabel
250 _a2nd ed.
260 _aNew Delhi
_bTata McGraw-Hill
_c2005
650 _aEngineering
650 _aElectronics
700 1 _aGrabel, Arvin
942 _cBOOK
999 _c106
_d106